000 00902nam a22002297a 4500
003 UA-OsUOA
001 54487
007 ta
008 20180312b un ||||| |||| 00| 0 ukr d
090 _a081
_bМ71
942 _cBK
040 _aUA-OsUOA
_bukr
_cUA-OsUOA
_dUA-OsUOA
245 _aМіжнародна наукова конференція до 150-ліття М. С. Грушевського: тези доповідей (17 вересня 2016 року., м. Острог)
300 _a220 с.
955 _a1
041 _aukr
080 _a081
260 _aОстрог
_bВидавництво Національного університету "Острозька академія"
_c2016
650 7 _a08 Видання. Колективні праці
_2UDC
999 _c434604
_d434604